00489cam a22002051 4500001000800000005001700008008004100025010001700066015001400083035001900097040003200116041000800148042001200156080000900168082001200177100000700189101000800196245004900204504003000253605117720180216074613.0750807s1955 enka b 000 0 eng  a 55002148  aGB55-3918 a(OCoLC)1521032 aDLCcMdU-BCdOCoLCdUkdDLC aeng apremarc a510  2510 WAR1 a36 aMAT10aLinearized theory of steady high-speed flow. aBibliography: p. 229-239.